|
|
|
|
| LEADER |
00000nab a2200000 a 4500 |
| 001 |
vtls000867436 |
| 003 |
SK-MaSNL |
| 005 |
20260305012407.0 |
| 008 |
180405c2004 xo 0 slo |
| 015 |
|
|
|a SNBRB2004/03-09497
|
| 035 |
|
|
|a CLN000218988
|
| 040 |
|
|
|a SNKBUCL
|b slo
|c SNKBUCL
|e AACR2
|
| 041 |
0 |
|
|a slo
|
| 044 |
|
|
|a xo
|c SK
|
| 080 |
|
|
|a 94(100)"1939/1945":355.353(430)
|2 1997
|
| 080 |
|
|
|a 355.353(430)"1939/1945"
|2 1997
|
| 080 |
|
|
|a 623.82(430)"1939/1945"
|2 1997
|
| 100 |
1 |
|
|a Hudák, Vladimír
|4 aut
|9 476652
|
| 245 |
1 |
0 |
|a Koniec Hitlerovho korzára
|b vreckovú bojovú loď Admiral Graf Spee ...
|c pripravil Vladimír Hudák
|
| 300 |
|
|
|b Fotogr.
|
| 610 |
|
7 |
|a Admiral Graf Spee (loď)
|x dejiny
|2 snkbucl
|9 1589346
|
| 650 |
0 |
7 |
|a vojenské lode
|2 snkbucl
|9 90232
|
| 650 |
0 |
7 |
|a druhá svetová vojna (1939-1945)
|2 snkbucl
|9 169657
|
| 651 |
|
7 |
|a Nemecko
|2 snkbucl
|9 21020
|
| 655 |
|
7 |
|a články z novín a časopisov
|2 snkbucl
|9 267496
|
| 773 |
0 |
|
|x 1210-2040
|t Plus 7 dní
|g Roč. 14, č. 12 (2004), s. 54-57
|
| 850 |
|
|
|a Slovenská národná knižnica v Martine
|
| 852 |
|
|
|a SNK
|b KIS3GCP
|
| 958 |
|
|
|a DE
|
| 958 |
|
|
|a RBX
|
| 999 |
|
|
|c 3257329
|d 3259259
|